000 00677nam a2200193 i 4500
001 71610
003 ES-MaACL
005 20250809011730.0
007 t|
008 040813s1912 sp |||| | spa d
100 1 _aGeorge, Henry.
_956382
245 1 1 _a¿Protección o librecambio?
_b: examen del problema arancelario con especial atención a los intereses del Estado /
_cHenry George ; traducción por Baldomero Argente.
260 _aMadrid :
_b[s.n.,
_c1912] (
_fLuis Faure)
300 _a364 p. ;
_c22 cm.
650 7 _aLibre cambio
_2embne
_9136409
700 1 _aArgente, Baldomero,
_d1877-1965
_922691
852 _aES-MaACL
_jF-3285
999 _c71610
_d71610